<?xml version="1.0" encoding="UTF-8"?>
<collection xmlns="http://www.loc.gov/MARC21/slim">
 <record>
  <leader>01126pamaa2200265   4500</leader>
  <controlfield tag="001">0000053818</controlfield>
  <controlfield tag="005">20160303090000.0</controlfield>
  <controlfield tag="008">160303s2006                       eng  </controlfield>
  <datafield tag="020" ind1=" " ind2=" ">
   <subfield code="a">0195663333 </subfield>
  </datafield>
  <datafield tag="020" ind1=" " ind2=" ">
   <subfield code="a">9780195665338 </subfield>
  </datafield>
  <datafield tag="040" ind1=" " ind2=" ">
   <subfield code="a">LCC</subfield>
  </datafield>
  <datafield tag="090" ind1="0" ind2="0">
   <subfield code="a">RD37 </subfield>
   <subfield code="b">OXF 2006</subfield>
  </datafield>
  <datafield tag="245" ind1="1" ind2="0">
   <subfield code="a">Oxford handbook of clinical surgery  </subfield>
   <subfield code="c">edited by Greg M. Latchie and D.J Leaper.</subfield>
  </datafield>
  <datafield tag="246" ind1="3" ind2="0">
   <subfield code="a">Handbook of clinical surgery.</subfield>
  </datafield>
  <datafield tag="250" ind1=" " ind2=" ">
   <subfield code="a">2th ed.</subfield>
  </datafield>
  <datafield tag="260" ind1=" " ind2=" ">
   <subfield code="a">Oxford: </subfield>
   <subfield code="b">Oxford University Press, </subfield>
   <subfield code="c">2006.</subfield>
  </datafield>
  <datafield tag="300" ind1=" " ind2=" ">
   <subfield code="a">xix,930 p.: </subfield>
   <subfield code="b">col. ill.; </subfield>
   <subfield code="c">18 cm.</subfield>
  </datafield>
  <datafield tag="501" ind1="0" ind2="0">
   <subfield code="a">The Oxford Handbook of Clinical Surgery covers the assessment and preparation of the patient, anaesthesia and critical care, inflammation, wound healing and infection, and the key components of general surgical practice, as well as chapters on other surgical specialties, including plastic, paediatric, and orthopaedic surgery.</subfield>
  </datafield>
  <datafield tag="504" ind1=" " ind2=" ">
   <subfield code="a">Includes bibliographical references and index</subfield>
  </datafield>
  <datafield tag="650" ind1="0" ind2="0">
   <subfield code="a">Surgery </subfield>
  </datafield>
  <datafield tag="650" ind1="0" ind2="0">
   <subfield code="a">Surgical procedure operative </subfield>
  </datafield>
  <datafield tag="650" ind1="0" ind2="0">
   <subfield code="a">Surgery -- </subfield>
   <subfield code="x">Handbook </subfield>
  </datafield>
  <datafield tag="700" ind1="1" ind2="0">
   <subfield code="a">Mclatchie, G. R. </subfield>
  </datafield>
  <datafield tag="700" ind1="1" ind2="0">
   <subfield code="a">Leaper, D. J. </subfield>
  </datafield>
  <datafield tag="856" ind1="4" ind2="0">
   <subfield code="u">www.oup.com</subfield>
  </datafield>
 </record>
</collection>
